| 000 | 02373nam a22003737a 4500 | ||
|---|---|---|---|
| 001 | 42835 | ||
| 003 | gtgccic | ||
| 005 | 20260227101015.0 | ||
| 007 | ta | ||
| 008 | 260227b gt ||||| |||| 00| 0 spa d | ||
| 040 |
_agtgccic _bspa _cgtgccic _erda |
||
| 084 | _0TPI-17-0133 | ||
| 100 | 1 | 0 |
_aLuis Alberto Santoz Quiñónez _dLicenciado en Ciencia Política _eautor |
| 245 | 1 | 0 |
_aModelo de gestión participativa para la construcción de vivienda popular en el _bmunicipio de San Miguel Petapa, departamento de Guatemala / _cSantos Quiñónez, Luis Alberto |
| 264 | 1 |
_aGuatemala : _bUSAC, Facultad de Ingeniería ; _c2017.- |
|
| 300 |
_a122 p. _bil. _c28 cm |
||
| 336 |
_2rdacontenido _aTexto _btxt |
||
| 337 |
_2rdamedio _asin mediación _bn |
||
| 338 |
_2rdasoporte _avolumen _bnc |
||
| 502 |
_aTesisPostgrado _bMAESTRO EN ARTES EN INGENIERÍA PARA EL DESARROLLO MUNICIPAL _cUSAC, Facultad de Ingeniería _d2017 _oTPI-17-0132 |
||
| 504 | _aBibliografía pag. 113 | ||
| 505 | _t1. DESCRIPCIÓN BIOFÍSICA Y SOCIOECONÓMICA | ||
| 505 | _t2. MARCO TEÓRICO Y REFERENCIAL Trabajo comunitario | ||
| 505 | _t3. MARCO LEGAL DE LA PLANIFICACIÓN PARTICIPATIVA DE VIVIENDAS POPULARES | ||
| 505 | _t4. PRESENTACIÓN, ANÁLISIS, INTERPRETACIÓN Y DISCUSIÓN DE RESULTADOS | ||
| 505 | _t5. DISCUSIÓN DE RESULTADOS | ||
| 520 | _aCon la finalidad de conocer el nivel de participación de las personas en los proyectos que las instituciones gubernamentales y no gubernamentales ejecutan en conjunto, especialmente los de unidades habitacionales se propone este informe final, donde es necesario conocer los antecedentes históricos de la vivienda en Guatemala, de tal cuenta que, la posesión de la tierra fue un proceso interesante, porqjue a raíz de desastres naturalels, específicamente inundaciones han destruido comunidades y hasta ciudades, posteriormente se han edificado urbnaizaciones que con el paso del tiempo se convierten en importantes ciudades, San Miguel Petapa no escapa a estos procesos, se ha observado que en los últimos años se han impulsado proyectos participativos de viviendas, especialmente a los sectores menos favorecidos económicamente | ||
| 650 | _aVIVIENDA | ||
| 650 | _aMODELOS DE DESARROLLO | ||
| 650 | _aPARTICIPACIÓN POPULAR | ||
| 700 |
_aLic. Msc. Francisco José Lemus Miranda _easesor |
||
| 942 |
_2ddc _cTPS |
||
| 945 | _aamlo | ||
| 999 |
_c2688 _d2688 |
||